| 000 | 00585nam a2200217Ia 4500 | ||
|---|---|---|---|
| 005 | 20250425162823.0 | ||
| 008 | 250425s9999 xx 000 0 und d | ||
| 020 | _a9681805313 | ||
| 041 | _aspa | ||
| 100 | _aENRIQUEZ HARPER, GILBERTO | ||
| 245 | 0 | _aLINEAS DE TRANSMISION Y REDES DE DISTRIBUCION DE POTENCIA ELECTRICA (VOLUMEN I) | |
| 250 | _a1A ED. | ||
| 264 |
_aMéxico, MEXICO _bLIMUSA _c1980. |
||
| 300 | _a388 | ||
| 362 | _a1 | ||
| 650 | _aLINEAS DE TRANSMISION | ||
| 650 | _aPOTENCIA ELECTRICA | ||
| 650 | _aREDES DE DISTRIBUCION | ||
| 942 | _c01 | ||
| 010 | _a110335 | ||
| 999 |
_c237097 _d237097 |
||